| 000 | 01084nam a2200337Ia 4500 | ||
|---|---|---|---|
| 001 | dia_5868 | ||
| 003 | CHAP | ||
| 005 | 20251023152557.0 | ||
| 008 | 220117s2012 xx 000 0 und d | ||
| 010 | _a177012 | ||
| 020 | _a978-607-17-1079-6 | ||
| 040 | _cCHAP | ||
| 082 | _a664.81 B67 2012 | ||
| 100 |
_aBosquez Molina, Elsa _913796 |
||
| 245 |
_aProcesamiento térmico de frutas y hortalizas / _c Elsa Bosquez Molina y María Luisa Colina Irezabal |
||
| 250 | _a2a ed. | ||
| 260 |
_aMéxico : _b Universidad Autónoma Metropolitana, Iztapalapa :, _b Trillas, _c2012 |
||
| 300 | _a239 p. | ||
| 503 | _aC. | ||
| 504 | _aBibliografía: p. 230-233 | ||
| 590 | _aTP370 B67 2012 | ||
| 650 |
_aFruits _x Preservation |
||
| 650 |
_aFruta _xConservación _943602 |
||
| 650 |
_aVegetables _xPreservation _9151818 |
||
| 650 |
_aVerduras _xConservación _9159939 |
||
| 700 |
_aColina Irezabal, María Luisa, coaut. _9152984 |
||
| 901 | _a664.81 B67 2012 | ||
| 902 | _aM | ||
| 905 | _a5232272012 mx anmd8222123322spa16 | ||
| 942 |
_cLIBRO _2ddc |
||
| 999 |
_c177012 _d177012 |
||